Study guide for use with computers for people : (Record no. 126447)

MARC details
000 -LEADER
fixed length control field 00783nam a2200253 a 4500
008 - FIXED-LENGTH DATA ELEMENTS--GENERAL INFORMATION
fixed length control field
020 ## - INTERNATIONAL STANDARD BOOK NUMBER
International Standard Book Number 0256066817 (pbk.)
049 ## - LOCAL HOLDINGS (OCLC)
Holding library MAIN
090 ## - LOCALLY ASSIGNED LC-TYPE CALL NUMBER (OCLC); LOCAL CALL NUMBER (RLIN)
Classification number (OCLC) (R) ; Classification number, CALL (RLIN) (NR) QA76.5
Local cutter number (OCLC) ; Book number/undivided call number, CALL (RLIN) ROC
003 - CONTROL NUMBER IDENTIFIER
control field
005 - DATE AND TIME OF LATEST TRANSACTION
control field 20230123122024.0
040 ## - CATALOGING SOURCE
Transcribing agency NUST
100 1# - MAIN ENTRY--PERSONAL NAME
Personal name Rochester, Jack B.
245 10 - TITLE STATEMENT
Title Study guide for use with computers for people :
Remainder of title concepts and applications /
Statement of responsibility, etc. Jack B. Rochester, Jon Rochester.
260 ## - PUBLICATION, DISTRIBUTION, ETC.
Place of publication, distribution, etc. Homewood :
Name of publisher, distributor, etc. Richard D. Irwin,
Date of publication, distribution, etc. c1991.
300 ## - PHYSICAL DESCRIPTION
Extent iii, 178 p. :
Other physical details ill. ;
Dimensions 28 cm.
504 ## - BIBLIOGRAPHY, ETC. NOTE
Bibliography, etc. note Includes bibliographical references.
500 ## - GENERAL NOTE
General note Includes index.
650 #0 - SUBJECT ADDED ENTRY--TOPICAL TERM
Topical term or geographic name entry element Computers.
650 #0 - SUBJECT ADDED ENTRY--TOPICAL TERM
Topical term or geographic name entry element Computer literacy.
700 1# - ADDED ENTRY--PERSONAL NAME
Personal name Rochester, Jon.
907 ## - LOCAL DATA ELEMENT G, LDG (RLIN)
a .b1008860x
b 26-06-13
c 11-09-03
942 ## - ADDED ENTRY ELEMENTS (KOHA)
Koha item type Ordinary Loan Books
Call number prefix QA76.5
Call number suffix ROC
Holdings
Date last seen Total Checkouts Full call number Barcode Cost, replacement price Price effective from Koha item type Lost status Source of classification or shelving scheme Damaged status Not for loan Collection Withdrawn status Home library Current library Shelving location Date acquired Cost, normal purchase price
01/23/2023   QA76.5 ROC 92004032792 80.00 01/23/2023 BOOKS   LCC     NFIC   MAIN MAIN GEN 01/23/2023 80.00